Các thành phố Eco2 : Các đô thị sinh thái kiêm kinh tế = Eco2 cities : Ecological cities as economic cities
Kaydedildi:
| Materyal Türü: | Kitap |
|---|---|
| Dil: | Undetermined |
| Baskı/Yayın Bilgisi: |
Washington, DC.
World Bank
2010
|
| Etiketler: |
Etiketle
Etiket eklenmemiş, İlk siz ekleyin!
|
| Thư viện lưu trữ: | Trung tâm Học liệu Trường Đại học Cần Thơ |
|---|
| LEADER | 00538nam a2200169Ia 4500 | ||
|---|---|---|---|
| 001 | CTU_174961 | ||
| 008 | 210402s9999 xx 000 0 und d | ||
| 020 | |c 84000 | ||
| 082 | |a 307.76 | ||
| 082 | |b E19 | ||
| 245 | 0 | |a Các thành phố Eco2 : | |
| 245 | 0 | |b Các đô thị sinh thái kiêm kinh tế = Eco2 cities : Ecological cities as economic cities | |
| 245 | 0 | |c Hiroaki Suzuki ... [et al.] | |
| 260 | |a Washington, DC. | ||
| 260 | |b World Bank | ||
| 260 | |c 2010 | ||
| 980 | |a Trung tâm Học liệu Trường Đại học Cần Thơ | ||